[Event "COL-ch sf"]
[Site "Pereira"]
[Date "2024.03.28"]
[Round "5"]
[White "Zapata Montoya, Andres Geronimo"]
[Black "Torrente, Alejandro Josue"]
[Result "1-0"]
[WhiteElo "2131"]
[BlackElo "2139"]
[PlyCount "119"]
[EventDate "2024.03.26"]
[EventType "swiss"]
[EventRounds "11"]
[EventCountry "COL"]
[SourceTitle "CB14_2024"]
[SourceDate "2024.04.01"]
[SourceVersion "1"]
[SourceVersionDate "2024.04.01"]
[SourceQuality "1"]

1. e4 e5 2. Nf3 Nc6 3. Bb5 a6 4. Ba4 Nf6 5. 0-0 b5 6. Bb3 Be7 7. Re1 0-0 8. h3 d6 9. c3 Na5 10. Bc2 c5 11. d4 Qc7 12. d5 Nd7 13. Nbd2 Nb6 14. Nf1 Nb7 15. g4 a5 16. Ng3 a4 17. Qe2 Na5 18. Nf5 b4 19. cxb4 cxb4 20. Be3 Bxf5 21. gxf5 Nac4 22. Bxb6 Nxb6 23. Bd3 Nd7 24. Bb5 Nc5 25. Bc6 Ra5 26. Kh1 Kh8 27. Rg1 Bf6 28. Nd2 g6 29. Nc4 Ra6 30. Ne3 Bg7 31. Rac1 Rb6 32. Nc4 Rbb8 33. Qe3 gxf5 34. Rxg7 f4 35. Rxh7+ Kxh7 36. Qf3 Kh6 37. Qg4 Qe7 38. Nxd6 Qxd6 39. Qh4+ Kg7 40. Rg1+ Qg6 41. Rxg6+ Kxg6 42. Qg4+ Kh6 43. Qf5 Nd3 44. Qf6+ Kh5 45. Bd7 Rg8 46. Bg4+ Rxg4 47. hxg4+ Kxg4 48. Kg2 b3 49. f3+ Kh5 50. Qxf7+ Kh6 51. Qf6+ Kh5 52. a3 Rg8+ 53. Kf1 Rg6 54. Qf5+ Kh6 55. d6 Kg7 56. d7 Rd6 57. Qg5+ Kf7 58. d8Q Rxd8 59. Qxd8 Nxb2 60. Qd2 1-0

[Event "COL-ch sf"]
[Site "Pereira"]
[Date "2024.03.27"]
[Round "4"]
[White "Torrente, Alejandro Josue"]
[Black "Torres, Juan Camilo"]
[Result "1/2-1/2"]
[WhiteElo "2139"]
[BlackElo "2297"]
[PlyCount "91"]
[EventDate "2024.03.26"]
[EventType "swiss"]
[EventRounds "11"]
[EventCountry "COL"]
[SourceTitle "CB14_2024"]
[SourceDate "2024.04.01"]
[SourceVersion "1"]
[SourceVersionDate "2024.04.01"]
[SourceQuality "1"]

1. e4 c5 2. Nf3 e6 3. d4 cxd4 4. Nxd4 a6 5. Bd3 Bc5 6. Nb3 Ba7 7. Qe2 Ne7 8. Be3 Nbc6 9. 0-0 0-0 10. c4 d6 11. Nc3 e5 12. Rfd1 Be6 13. Rac1 Nd4 14. Bxd4 exd4 15. Nd5 Ng6 16. Qh5 Ne5 17. h3 Rc8 18. Bf1 Bxd5 19. exd5 Qf6 20. Bd3 g6 21. Qe2 Rfe8 22. Qd2 Re7 23. Rc2 Rce8 24. Nc1 Qh4 25. b4 a5 26. c5 Nxd3 27. Nxd3 axb4 28. cxd6 Rd7 29. Rc7 Rxd6 30. Qxb4 Qh5 31. Rdc1 Qxd5 32. Qa4 Qe4 33. Rxb7 Rde6 34. Qb3 Bb6 35. Rd7 Qf5 36. Rd5 Qf6 37. a4 Ra8 38. Rb5 Ba5 39. Nc5 Re2 40. Rf1 Bc7 41. Qd3 Qd6 42. g3 Re3 43. Qd2 Ra3 44. Ne4 Qd8 45. Rd5 Qe7 46. Rxd4 1/2-1/2

[Event "COL-ch sf"]
[Site "Pereira"]
[Date "2024.03.26"]
[Round "2"]
[White "Torrente, Alejandro Josue"]
[Black "Parra Varon, Diego Alexander"]
[Result "1-0"]
[WhiteElo "2139"]
[BlackElo "1923"]
[PlyCount "81"]
[EventDate "2024.03.26"]
[EventType "swiss"]
[EventRounds "11"]
[EventCountry "COL"]
[SourceTitle "CB14_2024"]
[SourceDate "2024.04.01"]
[SourceVersion "1"]
[SourceVersionDate "2024.04.01"]
[SourceQuality "1"]

1. e4 c5 2. Nf3 e6 3. d4 cxd4 4. Nxd4 a6 5. Bd3 Qc7 6. Qe2 Nf6 7. c4 h5 8. h3 Bc5 9. Nb3 Bb4+ 10. Nc3 Nc6 11. f4 h4 12. 0-0 Bxc3 13. bxc3 d6 14. Be3 Bd7 15. Qf2 Qd8 16. Rad1 Nh5 17. c5 d5 18. exd5 exd5 19. c4 d4 20. Nxd4 Nxd4 21. Bxd4 0-0 22. Ba1 f5 23. Rfe1 Qc7 24. Be5 Qa5 25. Be2 Be8 26. Qxh4 Nf6 27. Bd6 Ba4 28. Rb1 Ne4 29. Bxf8 Rxf8 30. Bf3 Qxc5+ 31. Kh2 Bc6 32. Rbc1 Rf6 33. Red1 Rh6 34. Qd8+ Kh7 35. Qd4 Qa3 36. Qe5 Rf6 37. Bxe4 Bxe4 38. Rc3 Qxa2 39. Rg3 Qa4 40. Rd6 Rxd6 41. Qxg7# 1-0

[Event "Titled Tuesday intern op 11th Apr Late"]
[Site "Chess.com INT"]
[Date "2023.04.11"]
[Round "1"]
[White "Torrente, Alejandro Josue"]
[Black "Barp, Alberto"]
[Result "0-1"]
[WhiteElo "2125"]
[BlackElo "2432"]
[PlyCount "112"]
[EventDate "2023.04.11"]
[EventType "swiss (blitz)"]
[EventRounds "11"]
[EventCountry "USA"]
[SourceTitle "CBM 213 Extra"]
[Source "ChessBase"]
[SourceDate "2023.05.31"]
[SourceVersion "1"]
[SourceVersionDate "2023.05.31"]
[SourceQuality "1"]

1. e4 e6 2. d4 d5 3. Nc3 Nf6 4. e5 Nfd7 5. f4 c5 6. Nf3 Nc6 7. Be3 Be7 8. Qd2 b6 9. Be2 0-0 10. 0-0 Bb7 11. a3 f5 12. exf6 Nxf6 13. Bd3 Ng4 14. Kh1 Bf6 15. Bg1 Nxd4 16. Nxd4 cxd4 17. Ne2 Ne3 18. Bxe3 dxe3 19. Qxe3 Qd6 20. Nd4 Rae8 21. c3 e5 22. fxe5 Rxe5 23. Qh3 g6 24. Rf3 Bc8 25. Qg3 Bg7 26. Rxf8+ Qxf8 27. Nf3 Re3 28. Bf1 Bf5 29. Qf4 Re4 30. Qd2 Qd6 31. Bd3 Rf4 32. Bxf5 Rxf5 33. Rd1 h6 34. c4 d4 35. h3 Kh7 36. b4 Qg3 37. Qd3 Rf8 38. Rf1 Re8 39. c5 bxc5 40. bxc5 Re3 41. Qc4 d3 42. c6 Re2 43. Rg1 Rc2 44. Qxd3 Rxc6 45. Ne1 Qc7 46. Nf3 Rc3 47. Qb1 Rxa3 48. Nh4 Qc6 49. Rc1 Rxh3+ 50. Kg1 Bd4+ 51. Kf1 Rh1+ 52. Ke2 Rxc1 53. Qe4 Qc2+ 54. Qxc2 Rxc2+ 55. Kd3 Ra2 56. Kxd4 Ra4+ 0-1

[Event "Titled Tuesday intern op 11th Apr Late"]
[Site "Chess.com INT"]
[Date "2023.04.11"]
[Round "7"]
[White "Torrente, Alejandro Josue"]
[Black "Sarkar, Justin"]
[Result "0-1"]
[WhiteElo "2125"]
[BlackElo "2341"]
[PlyCount "90"]
[EventDate "2023.04.11"]
[EventType "swiss (blitz)"]
[EventRounds "11"]
[EventCountry "USA"]
[SourceTitle "CBM 213 Extra"]
[Source "ChessBase"]
[SourceDate "2023.05.31"]
[SourceVersion "1"]
[SourceVersionDate "2023.05.31"]
[SourceQuality "1"]

1. e4 e5 2. Nf3 Nc6 3. Bc4 Nf6 4. d3 Bc5 5. c3 d6 6. Bb3 a6 7. Nbd2 Ba7 8. Nf1 0-0 9. Ng3 Be6 10. Bc2 d5 11. Qe2 d4 12. 0-0 h6 13. Nh4 Kh7 14. Nhf5 Ng8 15. Qf3 g6 16. h4 gxf5 17. exf5 Bd5 18. Qh5 Qf6 19. c4 Nb4 20. cxd5 Nxc2 21. Ne4 Qg7 22. f6 Qg6 23. Qxe5 Nxa1 24. h5 Qg4 25. f3 Qd7 26. Ng5+ Kh8 27. Qe4 Nxf6 28. Qe5 Qd6 29. Qf5 hxg5 30. Bxg5 Nh7 31. Bf4 Qe7 32. h6 f6 33. Rxa1 Rae8 34. Qg6 Qf7 35. Qf5 Rg8 36. Rc1 Qg6 37. Qh3 Re2 38. g4 f5 39. g5 Re7 40. Kh1 Nxg5 41. Qh2 Nxf3 42. Qf2 Qh5+ 43. Bh2 Nxh2 44. Qxh2 Qf3+ 45. Qg2 Qxg2# 0-1

[Event "Titled Tuesday intern op 11th Apr Late"]
[Site "Chess.com INT"]
[Date "2023.04.11"]
[Round "5"]
[White "Zaksaite, Salomeja"]
[Black "Torrente, Alejandro Josue"]
[Result "0-1"]
[WhiteElo "2267"]
[BlackElo "2125"]
[PlyCount "144"]
[EventDate "2023.04.11"]
[EventType "swiss (blitz)"]
[EventRounds "11"]
[EventCountry "USA"]
[SourceTitle "CBM 213 Extra"]
[Source "ChessBase"]
[SourceDate "2023.05.31"]
[SourceVersion "1"]
[SourceVersionDate "2023.05.31"]
[SourceQuality "1"]

1. e4 e5 2. Nf3 Nc6 3. Bc4 Bc5 4. d3 Nf6 5. 0-0 d6 6. a4 h6 7. h3 Rg8 8. c3 Bb6 9. b4 a6 10. Be3 g5 11. Bxb6 cxb6 12. Qb3 Qe7 13. Nbd2 g4 14. Nh4 gxh3 15. g3 Ng4 16. Ndf3 Be6 17. b5 Na5 18. Bxe6 Nxb3 19. Bxb3 Qf6 20. Bd5 Rb8 21. Kh1 a5 22. d4 Ke7 23. Rae1 Rgc8 24. Nf5+ Kf8 25. Nh2 Nxh2 26. Kxh2 Rxc3 27. dxe5 dxe5 28. f4 Rc2+ 29. Kxh3 exf4 30. Rxf4 Qg5 31. Nd4 Rc7 32. Ref1 Qh5+ 33. Kg2 Rd8 34. Ne6+ Ke7 35. Nxc7 Kd6 36. Rxf7 Qe2+ 37. R1f2 Qg4 38. R7f6+ Kc5 39. Ne6+ Kb4 40. Nxd8 Kxa4 41. Ne6 Kxb5 42. R6f4 Qg6 43. e5 a4 44. Be4 Qh5 45. Ng7 Qxe5 46. Nf5 Ka6 47. Ne3 Qc3 48. Nd5 Qc5 49. R4f3 b5 50. Rf5 Qd4 51. Rf6+ Ka5 52. R6f5 Qxe4+ 53. Kh3 a3 54. Nc3 Qe6 55. g4 Qe3+ 56. R2f3 Qg1 57. Rxb5+ Ka6 58. Rf6+ Ka7 59. Ra5+ Kb8 60. Rf8+ Kc7 61. Nd5+ Kd6 62. Rf6+ Ke5 63. Rf5+ Kd4 64. Nf4 Qh1+ 65. Kg3 Qe1+ 66. Kf3 Qe4+ 67. Kg3 Qe1+ 68. Kf3 Qf1+ 69. Kg3 Kc4 70. Rac5+ Kb3 71. Rb5+ Ka2 72. Ne6 Qe1+ 0-1

[Event "Titled Tuesday intern op 28th Mar Late"]
[Site "Chess.com INT"]
[Date "2023.03.28"]
[Round "9"]
[White "Torrente, Alejandro Josue"]
[Black "Zampronha, Wladimir Camilo"]
[Result "0-1"]
[WhiteElo "2125"]
[BlackElo "2163"]
[PlyCount "88"]
[EventDate "2023.03.28"]
[EventType "swiss (blitz)"]
[EventRounds "11"]
[EventCountry "USA"]
[SourceTitle "EXT 2024"]
[Source "ChessBase"]
[SourceDate "2023.10.10"]
[SourceVersion "1"]
[SourceVersionDate "2023.10.10"]
[SourceQuality "1"]

1. e4 c5 2. Nf3 e6 3. d4 cxd4 4. Nxd4 Nc6 5. Nxc6 bxc6 6. c4 Nf6 7. Bd3 e5 8. Be3 Qa5+ 9. Nc3 Rb8 10. Qc2 Bc5 11. Bxc5 Qxc5 12. 0-0 0-0 13. a3 d6 14. b4 Qb6 15. c5 Qc7 16. cxd6 Qxd6 17. Na4 a5 18. bxa5 Qc7 19. Nb6 Nd7 20. Nxd7 Bxd7 21. Qc3 Ra8 22. a6 Bc8 23. Rfc1 Bxa6 24. Bxa6 Rxa6 25. Rab1 Rfa8 26. Rb3 g6 27. h3 Ra4 28. f3 Qa7+ 29. Kh2 Rxa3 30. Rxa3 Qxa3 31. Qxc6 Qa6 32. Qd5 Re8 33. Rc7 Qf6 34. Kg1 Rb8 35. Qc4 Kg7 36. Qc2 Qf4 37. Qa2 Rd8 38. Rc2 Rd1+ 39. Kf2 Qh4+ 40. g3 Qxh3 41. Rc7 Qf1+ 42. Ke3 Re1+ 43. Kd2 Re2+ 44. Kc3 Rxa2 0-1

[Event "Pereira Gildardo Garcia Memorial-A"]
[Site "Pereira"]
[Date "2022.05.21"]
[Round "8"]
[White "Rivera, Alberto"]
[Black "Torrente, Alejandro Josue"]
[Result "1-0"]
[WhiteElo "2318"]
[BlackElo "2111"]
[PlyCount "63"]
[EventDate "2022.05.18"]
[EventType "swiss"]
[EventRounds "10"]
[EventCountry "COL"]
[SourceTitle "CBM 208 Extra"]
[Source "ChessBase"]
[SourceDate "2022.07.31"]
[SourceVersion "1"]
[SourceVersionDate "2022.07.31"]
[SourceQuality "1"]

1. d4 d5 2. Nf3 Nf6 3. Bf4 c5 4. e3 Nc6 5. c3 Qb6 6. Qc1 Bf5 7. Nh4 Be4 8. Nd2 h6 9. dxc5 Qxc5 10. Nhf3 Bg6 11. h3 Rc8 12. Qd1 e6 13. Qb3 Qb6 14. Qxb6 axb6 15. Bb5 Nd7 16. 0-0 f6 17. Rfe1 e5 18. Bh2 Be7 19. e4 dxe4 20. Nxe4 0-0 21. Rad1 Rfd8 22. Nd6 Bxd6 23. Rxd6 Nc5 24. Red1 Rxd6 25. Rxd6 Kf8 26. Nxe5 Be8 27. Nc4 Nd7 28. Rd1 Na7 29. Nd6 Rc5 30. Bxd7 Bxd7 31. Nxb7 Ba4 32. Rd8+ 1-0

[Event "Pereira Gildardo Garcia Memorial-A"]
[Site "Pereira"]
[Date "2022.05.20"]
[Round "6"]
[White "Ardila, Oscar Humberto"]
[Black "Torrente, Alejandro Josue"]
[Result "1/2-1/2"]
[WhiteElo "1988"]
[BlackElo "2111"]
[PlyCount "167"]
[EventDate "2022.05.18"]
[EventType "swiss"]
[EventRounds "10"]
[EventCountry "COL"]
[SourceTitle "CBM 208 Extra"]
[Source "ChessBase"]
[SourceDate "2022.07.31"]
[SourceVersion "1"]
[SourceVersionDate "2022.07.31"]
[SourceQuality "1"]

1. d4 d5 2. Nf3 Nf6 3. g3 c6 4. Bg2 Bf5 5. c3 e6 6. Bf4 Qb6 7. Qb3 c5 8. Nbd2 Nc6 9. Qxb6 axb6 10. e3 c4 11. 0-0 b5 12. a3 h6 13. h3 Be7 14. Rfe1 0-0 15. g4 Bd3 16. Ne5 Nxe5 17. Bxe5 Ne4 18. Nxe4 dxe4 19. Bg3 f5 20. Kh2 g5 21. gxf5 Rxf5 22. Kg1 Raf8 23. Red1 h5 24. Rd2 h4 25. Be5 Kh7 26. Rad1 Kh6 27. Rxd3 exd3 28. Rd2 Rd8 29. Bxb7 Bd6 30. Bxd6 Rxd6 31. Kg2 Rf8 32. Bf3 e5 33. d5 Re8 34. e4 Kg6 35. Bg4 Kf6 36. f3 Ke7 37. Kf2 Ra6 38. Ke3 Kd6 39. Be6 Re7 40. Rg2 Rg7 41. Kd2 Kc5 42. Ke3 Kd6 43. Rg1 Ke7 44. Bc8 Ra7 45. Be6 Kf6 46. Bf5 Ra6 47. Bc8 Ra8 48. Bf5 Rd8 49. Bg4 Rc7 50. Rb1 Rd6 51. Rd1 Ra6 52. Rb1 Ke7 53. Bf5 b4 54. cxb4 c3 55. Kxd3 cxb2 56. Rxb2 Rxa3+ 57. Ke2 Rcc3 58. Bg4 Kd6 59. b5 Rab3 60. Rxb3 Rxb3 61. b6 Rxb6 62. Kd3 Kc5 63. Kc3 Ra6 64. Kb3 Kd4 65. Kb4 Rb6+ 66. Ka5 Kc5 67. Ka4 Rb8 68. Ka3 Kc4 69. d6 Kc3 70. Ka4 Kc4 71. Be6+ Kc5 72. d7 Kd6 73. Bg4 Kc7 74. Ka5 Rb2 75. Ka6 Rb4 76. Ka5 Rd4 77. Kb5 Rd2 78. Kc5 Rd3 79. Kc4 Rd4+ 80. Kc5 Kd8 81. Kc6 Ke7 82. Kc5 Rd1 83. Kc6 Rd4 84. Kc5 1/2-1/2

[Event "Pereira Gildardo Garcia Memorial-A"]
[Site "Pereira"]
[Date "2022.05.20"]
[Round "5"]
[White "Torrente, Alejandro Josue"]
[Black "Mitkov, Nikola"]
[Result "0-1"]
[WhiteElo "2111"]
[BlackElo "2509"]
[PlyCount "85"]
[EventDate "2022.05.18"]
[EventType "swiss"]
[EventRounds "10"]
[EventCountry "COL"]
[SourceTitle "CBM 208 Extra"]
[Source "ChessBase"]
[SourceDate "2022.07.31"]
[SourceVersion "1"]
[SourceVersionDate "2022.07.31"]
[SourceQuality "1"]

1. e4 e5 2. Nf3 Nc6 3. Bc4 Nf6 4. d3 h6 5. Nc3 d6 6. a4 g6 7. Be3 Bg7 8. a5 0-0 9. 0-0 Nb4 10. h3 Kh7 11. d4 exd4 12. Bxd4 Nc6 13. Be3 Be6 14. Bxe6 fxe6 15. a6 b6 16. e5 dxe5 17. Qxd8 Rfxd8 18. Nb5 Ne8 19. Rfd1 Rac8 20. Rxd8 Rxd8 21. Ra4 Rd5 22. Nc3 Rd7 23. Rh4 Nd8 24. g4 Nf7 25. Bxh6 Nxh6 26. g5 Nd6 27. gxh6 Bf6 28. Rg4 Kxh6 29. Nd2 Bg5 30. Nc4 Bf4 31. Nxd6 cxd6 32. Nb5 d5 33. Kf1 g5 34. Ke2 e4 35. Rg1 d4 36. Rd1 e5 37. f3 Rd5 38. c4 d3+ 39. Ke1 e3 40. Ra1 Bg3+ 41. Kd1 Rd7 42. Nc3 Rf7 43. Nb1 0-1

[Event "Pereira Gildardo Garcia Memorial-A"]
[Site "Pereira"]
[Date "2022.05.18"]
[Round "2"]
[White "Zuluaga Mancilla, Cesar"]
[Black "Torrente, Alejandro Josue"]
[Result "1-0"]
[WhiteElo "2221"]
[BlackElo "2111"]
[PlyCount "131"]
[EventDate "2022.05.18"]
[EventType "swiss"]
[EventRounds "10"]
[EventCountry "COL"]
[SourceTitle "CBM 208 Extra"]
[Source "ChessBase"]
[SourceDate "2022.07.31"]
[SourceVersion "1"]
[SourceVersionDate "2022.07.31"]
[SourceQuality "1"]

1. d4 d5 2. Nf3 Nf6 3. c4 c6 4. Nbd2 Bf5 5. Nh4 Bc8 6. e3 e6 7. Nhf3 Nbd7 8. Qc2 Bd6 9. Be2 0-0 10. 0-0 Qe7 11. e4 e5 12. cxd5 cxd5 13. dxe5 Nxe5 14. exd5 Nxd5 15. Nc4 Nb4 16. Qc3 Nxc4 17. Bxc4 Bg4 18. h3 Bh5 19. a3 b5 20. Bg5 Qb7 21. Be2 Rfe8 22. Qd2 Nd5 23. Rad1 Nf4 24. Bxf4 Bxf4 25. Qxf4 Rxe2 26. g4 Bg6 27. Rd2 Rxd2 28. Nxd2 Re8 29. Rc1 h5 30. Nf3 hxg4 31. hxg4 Qe4 32. Qxe4 Bxe4 33. Re1 Kf8 34. Nd4 a6 35. f4 Bd5 36. Rxe8+ Kxe8 37. Kf2 Kd7 38. Ke3 g6 39. g5 Kd6 40. b4 Ba2 41. Ne2 Bc4 42. Nc3 Ke6 43. Ne4 Kd5 44. Nf6+ Kd6 45. Kd4 Ke6 46. Ne4 Kf5 47. Ke3 Be6 48. Nd6+ Kg4 49. Ke4 Kg3 50. Nb7 Kf2 51. Nc5 Bc8 52. Ke5 Ke3 53. Ne4 Kd3 54. Nd6 Be6 55. Kf6 Kc3 56. Nxf7 Bc4 57. Kxg6 Kb3 58. Kf6 Kxa3 59. g6 Bd3 60. f5 Kxb4 61. g7 a5 62. g8Q a4 63. Ne5 Bc2 64. Qa2 Bb3 65. Qd2+ Ka3 66. Nd3 1-0

[Event "Medellin Easter op 10th"]
[Site "Medellin"]
[Date "2022.04.15"]
[Round "5"]
[White "Torrente, Alejandro Josue"]
[Black "Cordoba Perez, Jeronimo"]
[Result "1-0"]
[WhiteElo "2086"]
[BlackElo "1832"]
[PlyCount "113"]
[EventDate "2022.04.13"]
[EventType "swiss"]
[EventRounds "8"]
[EventCountry "COL"]
[SourceTitle "CBM 207 Extra"]
[Source "ChessBase"]
[SourceDate "2022.05.31"]
[SourceVersion "1"]
[SourceVersionDate "2022.05.31"]
[SourceQuality "1"]

1. e4 e6 2. d4 d5 3. Nc3 Bb4 4. e5 c5 5. a3 Bxc3+ 6. bxc3 Ne7 7. Qg4 0-0 8. Bd3 Nbc6 9. Nf3 f5 10. Qg3 Qa5 11. Bd2 b6 12. 0-0 c4 13. Be2 Qa4 14. Ra2 Bd7 15. h4 b5 16. h5 Qa5 17. Kh1 f4 18. Qh3 Nf5 19. g4 fxg3 20. fxg3 Rab8 21. g4 Nfe7 22. Qh4 Rbe8 23. h6 g6 24. Bg5 Rf7 25. Qe1 Nd8 26. Bf6 Rxf6 27. exf6 Nec6 28. Qd2 Nf7 29. Raa1 Qc7 30. Nh2 e5 31. dxe5 Ncxe5 32. Qf4 Qa5 33. Qd4 Bc6 34. Rae1 Qxa3 35. Nf3 Qd6 36. Nxe5 Rxe5 37. Bd1 Re4 38. Rxe4 dxe4 39. Qxd6 Nxd6 40. Kh2 Nf7 41. Be2 a6 42. Rd1 Kf8 43. Kg3 g5 44. Kf2 Ne5 45. Rd6 Be8 46. Rxa6 Nf7 47. Ra7 Nxh6 48. Rxh7 Ng8 49. Rg7 Nxf6 50. Rxg5 Kf7 51. Ke3 Ke6 52. Kd4 Bc6 53. Re5+ Kf7 54. g5 Nd7 55. Bh5+ Kg8 56. Re8+ Kg7 57. Rc8 1-0

[Event "Medellin Easter op 10th"]
[Site "Medellin"]
[Date "2022.04.14"]
[Round "2"]
[White "Aguila Batista, Jose"]
[Black "Torrente, Alejandro Josue"]
[Result "0-1"]
[WhiteElo "1844"]
[BlackElo "2086"]
[PlyCount "76"]
[EventDate "2022.04.13"]
[EventType "swiss"]
[EventRounds "8"]
[EventCountry "COL"]
[SourceTitle "CBM 207 Extra"]
[Source "ChessBase"]
[SourceDate "2022.05.31"]
[SourceVersion "1"]
[SourceVersionDate "2022.05.31"]
[SourceQuality "1"]

1. e4 e5 2. Nf3 Nc6 3. d4 exd4 4. Bc4 Nf6 5. 0-0 Bc5 6. e5 d5 7. Bb5 Ne4 8. Nxd4 Bd7 9. Bxc6 bxc6 10. Be3 0-0 11. f3 Ng5 12. Kh1 Bb6 13. c3 f6 14. Qc1 h6 15. exf6 Qxf6 16. Nd2 c5 17. f4 Nf7 18. N4f3 Rae8 19. Nb3 Bb5 20. Rd1 Be2 21. Rxd5 Bxf3 22. gxf3 Qe6 23. Rd3 c4 24. Bxb6 Qxb6 25. Rd4 cxb3 26. axb3 Re2 27. Qf1 Rfe8 28. b4 Qf6 29. Qh3 Nd6 30. Rg1 Re1 31. Rxe1 Rxe1+ 32. Kg2 Nf5 33. Kf2 Qe6 34. Re4 Rxe4 35. fxe4 Qxe4 36. Qg4 Qe3+ 37. Kg2 Qd2+ 38. Kh3 Qd3+ 0-1

[Event "Titled Tuesday intern op 14th Dec"]
[Site "Chess.com INT"]
[Date "2021.12.14"]
[Round "3"]
[White "Torrente, Alejandro Josue"]
[Black "Necula, Iulian"]
[Result "0-1"]
[WhiteElo "2086"]
[BlackElo "1890"]
[PlyCount "126"]
[EventDate "2021.12.14"]
[EventType "swiss (blitz)"]
[EventRounds "11"]
[EventCountry "USA"]
[SourceTitle "EXT 2023"]
[Source "ChessBase"]
[SourceDate "2022.10.05"]
[SourceVersion "1"]
[SourceVersionDate "2022.10.05"]
[SourceQuality "1"]

1. e4 g6 2. d4 c6 3. Nf3 d5 4. Nc3 dxe4 5. Nxe4 Nf6 6. Nxf6+ exf6 7. Bc4 Bg7 8. 0-0 0-0 9. c3 Re8 10. Re1 Rxe1+ 11. Qxe1 Nd7 12. Bf4 Nf8 13. Bb3 Be6 14. Bg3 Bxb3 15. axb3 a6 16. b4 Qe8 17. Qxe8 Rxe8 18. Re1 Rxe1+ 19. Nxe1 f5 20. Nd3 Ne6 21. Be5 f6 22. Bd6 Kf7 23. Kf1 g5 24. g3 h5 25. f4 Kg6 26. Be7 Bh6 27. fxg5 Bxg5 28. Kg2 h4 29. Kf3 hxg3 30. hxg3 Bd2 31. Nf4+ Bxf4 32. gxf4 Ng7 33. Bd6 Nh5 34. Bc7 Kf7 35. b3 Ke6 36. c4 b5 37. Ke3 Ng3 38. Kf3 Ne4 39. Ke3 Ng3 40. Bb8 Ne4 41. Kd3 Ng3 42. Bc7 Ne4 43. Bd8 Ng3 44. d5+ cxd5 45. cxd5+ Kxd5 46. Bxf6 Ne4 47. Be5 Nf2+ 48. Ke3 Ng4+ 49. Kf3 Nxe5+ 50. fxe5 Kxe5 51. Ke3 f4+ 52. Kf3 Kf5 53. Kf2 Ke4 54. Ke2 f3+ 55. Kf2 Kf4 56. Kf1 Ke3 57. Ke1 f2+ 58. Kf1 Kd3 59. Kxf2 Kc3 60. Ke2 Kxb3 61. Kd2 Kxb4 62. Kc2 Kc4 63. Kb2 a5 0-1

[Event "Titled Tuesday intern op 06th Apr"]
[Site "Chess.com INT"]
[Date "2021.04.06"]
[Round "5"]
[White "Ramos Espinoza, Efren Andres"]
[Black "Torrente, Alejandro Josue"]
[Result "0-1"]
[WhiteElo "2150"]
[BlackElo "2072"]
[PlyCount "56"]
[EventDate "2021.04.06"]
[EventType "swiss (blitz)"]
[EventRounds "11"]
[EventCountry "USA"]
[SourceTitle "CBM 201 Extra"]
[Source "ChessBase"]
[SourceDate "2021.05.31"]
[SourceVersion "1"]
[SourceVersionDate "2021.05.31"]
[SourceQuality "1"]

1. d4 d5 2. c4 c6 3. Nf3 Nf6 4. g3 Bf5 5. Nbd2 e6 6. Bg2 Nbd7 7. 0-0 h6 8. b3 Bd6 9. Bb2 0-0 10. a4 a5 11. h3 Bh7 12. e3 Ne4 13. Nxe4 Bxe4 14. Nd2 Bxg2 15. Kxg2 Nf6 16. Qe2 Re8 17. f4 Bb4 18. Nf3 Ne4 19. Ne5 Nd2 20. Qh5 Rf8 21. f5 Nxf1 22. Rxf1 exf5 23. Rxf5 Qe7 24. Qf3 Rad8 25. cxd5 cxd5 26. g4 Rc8 27. Kg3 Rc2 28. Ba1 Be1+ 0-1

[Event "Titled Tuesday intern op 08th Sept"]
[Site "Chess.com INT"]
[Date "2020.09.08"]
[Round "7"]
[White "Torrente, Alejandro Josue"]
[Black "Roebers, Jan"]
[Result "1/2-1/2"]
[WhiteElo "2072"]
[BlackElo "2170"]
[PlyCount "68"]
[EventDate "2020.09.08"]
[EventType "swiss (blitz)"]
[EventRounds "10"]
[EventCountry "USA"]
[SourceTitle "CBM 198 Extra"]
[Source "ChessBase"]
[SourceDate "2020.11.30"]
[SourceVersion "1"]
[SourceVersionDate "2020.11.30"]
[SourceQuality "1"]

1. e4 e5 2. Nf3 Nc6 3. Bc4 Nf6 4. d3 Bc5 5. Be3 Bxe3 6. fxe3 d5 7. exd5 Nxd5 8. Qd2 0-0 9. 0-0 e4 10. dxe4 Nf6 11. Bd5 Nxd5 12. exd5 Ne7 13. c4 c6 14. e4 cxd5 15. exd5 Nf5 16. Nc3 Qb6+ 17. Kh1 Ne3 18. Rfb1 Nxc4 19. Qe2 Bf5 20. Qxc4 Bxb1 21. Rxb1 Rfe8 22. h3 Qg6 23. Rf1 a6 24. Qc7 b5 25. Ne5 Qg3 26. Qxf7+ Kh8 27. Nf3 Rf8 28. Qb7 Rae8 29. a3 Rxf3 30. gxf3 Qxh3+ 31. Kg1 Qg3+ 32. Kh1 Qh3+ 33. Kg1 Qg3+ 34. Kh1 Qh3+ 1/2-1/2

[Event "Titled Tuesday intern op 6th June"]
[Site "Chess.com INT"]
[Date "2020.06.02"]
[Round "6"]
[White "Torrente, Alejandro Josue"]
[Black "Kiseleva, Simona"]
[Result "0-1"]
[WhiteElo "2072"]
[BlackElo "2171"]
[PlyCount "60"]
[EventDate "2020.06.02"]
[EventType "swiss (blitz)"]
[EventRounds "10"]
[EventCountry "USA"]
[SourceTitle "CBM 196 Extra"]
[Source "ChessBase"]
[SourceDate "2020.07.31"]
[SourceVersion "1"]
[SourceVersionDate "2020.07.31"]
[SourceQuality "1"]

1. e4 c5 2. Nf3 Nc6 3. Bb5 g6 4. 0-0 Bg7 5. Re1 e5 6. c3 Nge7 7. d4 cxd4 8. cxd4 exd4 9. e5 a6 10. Bc4 d5 11. exd6 Qxd6 12. Nbd2 0-0 13. Ne4 Qc7 14. Bg5 Bg4 15. Nf6+ Bxf6 16. Bxf6 Rfe8 17. h3 Qf4 18. hxg4 Qxf6 19. Qd2 b5 20. Bb3 Rad8 21. Qh6 Qg7 22. Qd2 d3 23. Ng5 Rf8 24. Qf4 Rd4 25. Qc7 Qf6 26. Ne4 Qe5 27. g5 Qxc7 28. Nf6+ Kg7 29. Rac1 h6 30. Nd5 Nxd5 0-1

[Event "Titled Tuesday intern op 19th May"]
[Site "Chess.com INT"]
[Date "2020.05.19"]
[Round "6"]
[White "Torrente, Alejandro Josue"]
[Black "Issani, Nameer"]
[Result "0-1"]
[WhiteElo "2072"]
[BlackElo "2070"]
[PlyCount "146"]
[EventDate "2020.05.19"]
[EventType "swiss (blitz)"]
[EventRounds "10"]
[EventCountry "USA"]
[SourceTitle "EXT 2021"]
[Source "ChessBase"]
[SourceDate "2020.10.23"]
[SourceVersion "1"]
[SourceVersionDate "2020.10.23"]
[SourceQuality "1"]

1. e4 e5 2. Nf3 Nc6 3. Bc4 Bc5 4. d3 Nf6 5. Be3 d6 6. Nc3 h6 7. h3 Be6 8. Bb3 Qd7 9. Qd2 0-0-0 10. 0-0-0 Bxe3 11. fxe3 d5 12. exd5 Nxd5 13. Ba4 f6 14. Ne4 Nb6 15. Nc5 Qe7 16. Nxe6 Qxe6 17. Bb3 Qd6 18. Nh4 Rhe8 19. Nf5 Qd7 20. g4 a5 21. a3 Kb8 22. Rhf1 a4 23. Ba2 Nc8 24. Qc3 Nd6 25. Ng3 Na7 26. Qc5 b6 27. Qb4 Qb5 28. Qc3 Qc6 29. Qxc6 Nxc6 30. Bd5 Ne7 31. Bg2 b5 32. Nf5 Nexf5 33. gxf5 Rg8 34. Bc6 Ka7 35. e4 Kb6 36. Bd5 Rh8 37. Rg1 Rd7 38. Be6 Re7 39. Rg2 g5 40. h4 Ne8 41. Rh1 Rhh7 42. hxg5 hxg5 43. Rgh2 Rxh2 44. Rxh2 Ng7 45. Rh7 Kc5 46. Bc8 Kd6 47. Rh6 Rf7 48. Ba6 c6 49. c4 Kc5 50. cxb5 cxb5 51. Bb7 Kd4 52. Bd5 Rc7+ 53. Kd2 Ne8 54. Rh8 Rc8 55. Rf8 g4 56. Be6 Ra8 57. Bf7 Nc7 58. Rxa8 Nxa8 59. Be8 Nc7 60. Bc6 g3 61. Ke2 g2 62. Kf2 Kxd3 63. Kxg2 Kc2 64. Kg3 Kxb2 65. Kg4 Kxa3 66. Kh5 b4 67. Kg6 b3 68. Kxf6 b2 69. Kxe5 b1Q 70. f6 Qb2+ 71. Kf5 Qb6 72. e5 Qxc6 73. f7 Qe6+ 0-1